<?xml version='1.0' encoding='UTF-8'?>
  <record xmlns="http://www.loc.gov/MARC21/slim">
    <leader>00000cam a2200000Mi 4500</leader>
    <controlfield tag="001">ocm64830581</controlfield>
    <controlfield tag="003">OCoLC</controlfield>
    <controlfield tag="005">20240210061653.1</controlfield>
    <controlfield tag="008">890801s1795    ne            000 0 dut d</controlfield>
    <datafield tag="040" ind1=" " ind2=" ">
      <subfield code="a">NLGGC</subfield>
      <subfield code="b">dut</subfield>
      <subfield code="e">fobidrtb</subfield>
      <subfield code="c">NLGGC</subfield>
      <subfield code="d">OCLCL</subfield>
    </datafield>
    <datafield tag="029" ind1="0" ind2=" ">
      <subfield code="a">NLGGC</subfield>
      <subfield code="b">054407206</subfield>
    </datafield>
    <datafield tag="035" ind1=" " ind2=" ">
      <subfield code="a">(OCoLC)64830581</subfield>
    </datafield>
    <datafield tag="041" ind1="1" ind2=" ">
      <subfield code="a">dut</subfield>
      <subfield code="h">fre</subfield>
    </datafield>
    <datafield tag="100" ind1="1" ind2=" ">
      <subfield code="a">Duts, Mathieu François,</subfield>
      <subfield code="d">1730-ca. 1790.</subfield>
    </datafield>
    <datafield tag="245" ind1="1" ind2="0">
      <subfield code="a">Antwoord op de vraag, door de Maatschappy, ter Bevordering van den Landbouw, te Amsterdam ... opgegeeven ...: Op welke wyze zoude men het tegenwoordig ras van inlandsche paarden ... tot eene meerdere volkomenheid kunnen brengen, het zy door vermenging van hetzelve met vreemde rassen, of wel door eene meerdere oplettendheid, in het aanfokken en opvoeden der jonge paarden, als anderzins? /</subfield>
      <subfield code="c">door Mathieu Duts ; [uit het Fransch vert.].</subfield>
    </datafield>
    <datafield tag="246" ind1="3" ind2=" ">
      <subfield code="a">Tweede verhandeling over de inlandsche paarden</subfield>
    </datafield>
    <datafield tag="246" ind1="3" ind2=" ">
      <subfield code="a">Verhandeling over de inlandsche paarden</subfield>
    </datafield>
    <datafield tag="260" ind1=" " ind2=" ">
      <subfield code="a">Te Amsterdam :</subfield>
      <subfield code="b">by Jan Christiaan Sepp en Zoon,</subfield>
      <subfield code="c">1795.</subfield>
    </datafield>
    <datafield tag="300" ind1=" " ind2=" ">
      <subfield code="a">44 p. ;</subfield>
      <subfield code="c">23 cm.</subfield>
    </datafield>
    <datafield tag="336" ind1=" " ind2=" ">
      <subfield code="a">tekst</subfield>
      <subfield code="b">txt</subfield>
      <subfield code="2">rdacontent/dut</subfield>
    </datafield>
    <datafield tag="337" ind1=" " ind2=" ">
      <subfield code="a">zonder medium</subfield>
      <subfield code="b">n</subfield>
      <subfield code="2">rdamedia/dut</subfield>
    </datafield>
    <datafield tag="338" ind1=" " ind2=" ">
      <subfield code="a">band</subfield>
      <subfield code="b">nc</subfield>
      <subfield code="2">rdacarrier/dut</subfield>
    </datafield>
    <datafield tag="490" ind1="0" ind2=" ">
      <subfield code="a">Verhandelingen uitgegeeven door de Maatschappy ter Bevordering van den Landbouw te Amsterdam ;</subfield>
      <subfield code="v">dl. 11, stk. 2, p. 109-152</subfield>
    </datafield>
    <datafield tag="500" ind1=" " ind2=" ">
      <subfield code="a">Voordehandse titel: Tweede verhandeling over de inlandsche paarden.</subfield>
    </datafield>
    <datafield tag="758" ind1=" " ind2=" ">
      <subfield code="a">Antwoord op de vraag, door de Maatschappy, ter Bevordering van den Landbouw, te Amsterdam ... opgegeeven ...: Op welke wyze zoude men het tegenwoordig ras van inlandsche paarden ... tot eene meerdere volkomenheid kunnen brengen, het zy door vermenging van hetzelve met vreemde rassen, of wel door eene meerdere oplettendheid, in het aanfokken en opvoeden der jonge paarden, als anderzins? (Text)</subfield>
      <subfield code="1">https://id.oclc.org/worldcat/entity/E39PCXJ9YJJ67m6R4tTtBRkjj3</subfield>
      <subfield code="4">https://id.oclc.org/worldcat/ontology/hasWork</subfield>
    </datafield>
  </record>